Tilastot visalle Tunnettuja Katreja

Klikkaa tästä pelataksesi tätä visaa!

Yleistilastot

  • Tätä visaa on pelattu 48 kertaa
  • Keskiarvotulos 3 / 7

Vastaustilastot

VihjeNimi% Oikein
LaulajaKatri Helena
88%
LaulajaKatri Ylander
64%
PoliitikkoKatri Kulmuni
57%
MuotisuunnittelijaKatri Niskanen
57%
RunoilijaKatri Vala
40%
TanssijaKatri Mäkinen
24%
KirjailijaKatri Manninen
5%

Tulosjakauma

Persentiili vastausten määrän mukaan

Jokaisen tuloksen saaneiden osuus

Tuloshistoriasi

Et ole pelannut tätä visaa